Quádricas num espaço afim euclideano /

Guardado en:
Autor Principal: Rodrigues, Alexandre Augusto Martins.
Otros Autores: Oliva, W. Muniz.
Formato: Libro
Idioma:Portuguese
Publicado: São Paulo : Sociedade de Matemática de São Paulo, 1961.
Etiquetas: Agregar Etiqueta
Sin Etiquetas, Sea el primero en etiquetar este registro!
LEADER 00513nam a22001455a 4500
001 MAT.inmabb001014
008 031119s1961####bl############001#0#por#d
005 20170808170204.0
245 1 0 |a Quádricas num espaço afim euclideano /  |c A. A. Martins Rodrigues e W. Muniz Oliva. 
260 |a São Paulo :  |b Sociedade de Matemática de São Paulo,  |c 1961. 
300 |a 52 h. ;  |c 26 cm. 
100 1 |a Rodrigues, Alexandre Augusto Martins. 
700 1 |a Oliva, W. Muniz. 
084 |a 15-XX  |2 msc2000 
859 |h 15  |i R696  |p A-881  |b BIB. MATEMATICA